De comienzos de siglo : utopía y política en el movimiento popular /

Bibliographic Details
Main Author: Garcés, Mario
Format: Libro
Language:English
Published: Santiago, Chile ECO 1983
Edition:1a.ed.
Series:Movimiento popular 5
Subjects:

MARC

LEADER 00000cam a2200000 a 4500
001 031158
003 UAHC_CL
005 20170803123316.0
008 010822b xx j 000 1 eng
040 |a UAHC_CL  |c UAHC_CL  |d UAHC_CL 
082 0 4 |a ECO 030-1314 
100 1 |a Garcés, Mario 
245 1 0 |a De comienzos de siglo :  |b utopía y política en el movimiento popular /  |c Mario Garcés. 
250 |a 1a.ed. 
260 |b ECO  |c 1983  |a Santiago, Chile 
300 |a 26 p. 
490 0 |a Movimiento popular  |v 5 
650 4 |a MOVIMIENTOS SOCIALES 
900 |a ECO 030-1314 
942 |c BK 
952 |0 0  |1 0  |4 0  |6 ECO_0301314  |7 0  |8 General  |9 60742  |a BC  |b BC  |c General  |d 2017-08-03  |l 0  |o ECO 030-1314  |p 1314172  |r 2019-01-04 00:00:00  |t 1  |w 2017-08-03  |y BK 
999 |c 31158  |d 31158